000 00733nam a2200205 a 4500
003 0
005 20250220123203.0
008 120723s19uu xx 00 eng d
050 _aPGS TP 986.C67
_b.K49 2012
100 _aKim, Ju Young.
245 _aFeasibility study in making corn plastic /
_cJu Young Kim.
260 _aLas PiƱas City, Philippines :
_bSouthville International School and Colleges,
_c2012.
300 _a27 pages :
_billustrations ;
_c28 cm.
504 _aIncludes bibliographical references.
650 _aBiodegradable plastics
_vResearch.
650 _aCorn
_vIndustrial applications .
650 _aPlastics
_vBiodegradation.
650 _aBioplastics
_vProduction and properties.
942 _2lcc
_cPASS
999 _c98784
_d98784